<?xml version="1.0" encoding="UTF-8"?>
<collection xmlns="http://www.loc.gov/MARC21/slim">
 <record>
  <leader>03499nam a2200289 a 4500</leader>
  <controlfield tag="001">1/25579</controlfield>
  <controlfield tag="008">      s2001    lu     f      00010 gre d</controlfield>
  <datafield tag="022" ind1="0" ind2=" ">
   <subfield code="a">0254-1483</subfield>
  </datafield>
  <datafield tag="022" ind1="0" ind2=" ">
   <subfield code="a">0254-1475</subfield>
  </datafield>
  <datafield tag="028" ind1="3" ind2="1">
   <subfield code="a">2001/0105 (CNS)</subfield>
  </datafield>
  <datafield tag="028" ind1="3" ind2="1">
   <subfield code="a">2001/0106 (CNS)</subfield>
  </datafield>
  <datafield tag="028" ind1="3" ind2="1">
   <subfield code="a">KT-CO-01-264-EN-C</subfield>
  </datafield>
  <datafield tag="028" ind1="3" ind2="1">
   <subfield code="a">KT-CO-01-264-GR-C</subfield>
  </datafield>
  <datafield tag="035" ind1=" " ind2=" ">
   <subfield code="l">27390</subfield>
  </datafield>
  <datafield tag="040" ind1=" " ind2=" ">
   <subfield code="a">GR-PeUP</subfield>
  </datafield>
  <datafield tag="084" ind1="-" ind2="-">
   <subfield code="2">KET</subfield>
   <subfield code="a">COM (2001) 248 τελικό</subfield>
  </datafield>
  <datafield tag="110" ind1="2" ind2=" ">
   <subfield code="a">Επιτροπή των Ευρωπαϊκών Κοινοτήτων.</subfield>
  </datafield>
  <datafield tag="245" ind1="1" ind2="0">
   <subfield code="a">Πρόταση απόφασης του Συμβουλίου για τη θέσπιση προγράμματος δράσης στον τομέα της κατάρτισης, των ανταλλαγών και της συνδρομής για την προστασία του ευρώ από την παραχάραξη (πρόγραμμα &quot;PERICLES&quot;). Πρόγραμμα απόφασης του Συμβουλίου για τη τη θέσπιση προγράμματος δράσης στον τομέα της κατάρτισης, των ανταλλαγών και της συνδρομής για την προστασία του ευρώ από την παραχάραξη (πρόγραμμα &quot;PERICLES&quot; στα κράτη μέλη που δεν έχουν υιοθετήσει το ευρώ ως ενιαίο νόμισμα:</subfield>
   <subfield code="b">υποβληθείσα από την Επιτροπή/</subfield>
   <subfield code="c">Επιτροπή των Ευρωπαϊκών Κοινοτήτων</subfield>
  </datafield>
  <datafield tag="246" ind1="1" ind2="0">
   <subfield code="a">Proposal for a Council Decision establishing a training, exchange and assistance programme for the protection of the euro against counterfeiting (&quot;Pericles programme&quot;). Proposal for a Council Decision extending the effects of Decision establishing a training, exchange and assistance programme for the protection of the euro against counterfeiting (&quot;Pericles programme&quot;) to the Member States which have not adopted the euro as the single currency:</subfield>
   <subfield code="b">presented by the Commission</subfield>
  </datafield>
  <datafield tag="246" ind1="1" ind2="0">
   <subfield code="a">Proposal for a Council Decision extending the effects of Decision establishing a training, exchange and assistance programme for the protection of the euro against counterfeiting (&quot;Pericles programme&quot;) to the Member States which have not adopted the euro as the single currency:</subfield>
   <subfield code="b">presented by the Commission</subfield>
  </datafield>
  <datafield tag="246" ind1="1" ind2="0">
   <subfield code="a">Πρόγραμμα απόφασης του Συμβουλίου για τη τη θέσπιση προγράμματος δράσης στον τομέα της κατάρτισης, των ανταλλαγών και της συνδρομής για την προστασία του ευρώ από την παραχάραξη (πρόγραμμα &quot;PERICLES&quot; στα κράτη μέλη που δεν έχουν υιοθετήσει το ευρώ ως ενιαίο νόμισμα:</subfield>
   <subfield code="b">υποβληθείσα από την Επιτροπή</subfield>
  </datafield>
  <datafield tag="260" ind1="0" ind2=" ">
   <subfield code="a">Βρυξέλλες, Λουξεμβούργο:</subfield>
   <subfield code="b">Υπηρεσία Επισήμων Εκδόσεων των Ευρωπαϊκών Κοινοτήτων,</subfield>
   <subfield code="c">22.5.2001</subfield>
  </datafield>
  <datafield tag="300" ind1=" " ind2=" ">
   <subfield code="a">29 σελ.</subfield>
  </datafield>
  <datafield tag="500" ind1=" " ind2=" ">
   <subfield code="a">Δίγλωσσο</subfield>
  </datafield>
  <datafield tag="852" ind1=" " ind2=" ">
   <subfield code="a">INST</subfield>
   <subfield code="b">UNIPILB</subfield>
   <subfield code="c">KET</subfield>
   <subfield code="e">20050413</subfield>
   <subfield code="h">COM (2001) 248</subfield>
   <subfield code="p">COM (2001) 248</subfield>
   <subfield code="q">COM (2001) 248</subfield>
   <subfield code="t">NOLOAN</subfield>
   <subfield code="y">23</subfield>
   <subfield code="4">1</subfield>
  </datafield>
  <datafield tag="856" ind1="4" ind2="1">
   <subfield code="u">http://eur-lex.europa.eu/LexUriServ/LexUriServ.do?uri=COM:2001:0248:FIN:EL:PDF</subfield>
  </datafield>
  <datafield tag="856" ind1="4" ind2="1">
   <subfield code="u">http://eur-lex.europa.eu/LexUriServ/LexUriServ.do?uri=COM:2001:0248:FIN:EN:PDF</subfield>
  </datafield>
 </record>
</collection>
